[Event "2BLN 2223 FC St. Pauli - SV Glückauf R"]
[Site "?"]
[Date "2022.11.26"]
[Round "3.7"]
[White "Dudzinski, Piotr"]
[Black "Sawatzki, Frank"]
[Result "1/2-1/2"]
[WhiteElo "2330"]
[BlackElo "2374"]
[PlyCount "70"]
[EventDate "2022.??.??"]

1. e4 c5 2. c3 Nf6 3. e5 Nd5 4. d4 cxd4 5. cxd4 d6 6. exd6 Qxd6 7. Nf3 Nc6 8. Nc3 Bg4 9. Be2 e6 10. O-O Be7 11. h3 Bh5 12. Qb3 O-O 13. Nxd5 exd5 14. Be3 f5 15. Rac1 Rab8 16. Rfd1 f4 17. Bd2 Bf6 18. Bc3 Rfe8 19. Rd2 Re4 20. Rcc2 Bf7 21. Bd3 Re7 22. Re2 Rxe2 23. Rxe2 Bh5 24. Bf5 Bxf3 25. gxf3 Kh8 26. Qxb7 Nxd4 27. Bxd4 Bxd4 28. Re6 Qd8 29. Qf7 Qg8 30. Qxg8+ Kxg8 31. Re2 Rxb2 32. Rxb2 Bxb2 33. Be6+ Kf8 34. Bxd5 Ke7 35. Kg2 Bf6 1/2-1/2

[Event "2BLN 2223 FC St. Pauli - SV Glückauf R"]
[Site "?"]
[Date "2022.11.26"]
[Round "3.8"]
[White "Mueller, Fabian"]
[Black "Szadkowski, Kamil"]
[Result "0-1"]
[WhiteElo "2335"]
[BlackElo "2284"]
[PlyCount "60"]
[EventDate "2022.??.??"]

1. d4 Nf6 2. c4 c5 3. d5 b5 4. cxb5 a6 5. bxa6 g6 6. Nc3 Bg7 7. e4 O-O 8. Nf3 Qa5 9. Bd2 Bxa6 10. h3 Bxf1 11. Kxf1 e6 12. Kg1 Qb6 13. Rb1 Na6 14. Be3 Qb7 15. Qd2 Rfc8 16. Bh6 exd5 17. Bxg7 Kxg7 18. exd5 Nb4 19. a3 Nbxd5 20. h4 Nxc3 21. Qxc3 d5 22. h5 d4 23. Qd2 Rxa3 24. hxg6 fxg6 25. Re1 Ra6 26. Ng5 h5 27. Ne6+ Kh7 28. Qg5 Qe7 29. Qe5 Kg8 30. Qg5 Kf7 0-1

[Event "2BLN 2223 Hamburger SK II - SF Berlin I"]
[Site "?"]
[Date "2022.11.26"]
[Round "3.1"]
[White "Agopov, Mikael"]
[Black "Souleidis, Georgios"]
[Result "0-1"]
[WhiteElo "2450"]
[BlackElo "2407"]
[PlyCount "36"]
[EventDate "2022.??.??"]

1. e4 c5 2. Nf3 e6 3. d4 cxd4 4. Nxd4 Nf6 5. Nc3 Nc6 6. Ndb5 Bc5 7. Bf4 O-O 8. Bc7 Qe7 9. Bd6 Bxd6 10. Qxd6 Qd8 11. Qg3 d5 12. O-O-O a6 13. Nd4 Nxd4 14. Rxd4 Qb6 15. Rd2 d4 16. Na4 Qa5 17. Rxd4 e5 18. Qg5 b6 0-1

[Event "2BLN 2223 Hamburger SK II - SF Berlin I"]
[Site "?"]
[Date "2022.11.26"]
[Round "3.2"]
[White "Peyrer, Konstantin"]
[Black "Florstedt, Johannes"]
[Result "1/2-1/2"]
[WhiteElo "2393"]
[BlackElo "2378"]
[PlyCount "29"]
[EventDate "2022.??.??"]

1. d4 Nf6 2. c4 g6 3. Nc3 d5 4. Nf3 Bg7 5. cxd5 Nxd5 6. e4 Nxc3 7. bxc3 c5 8. Be3 Qa5 9. Nd2 O-O 10. Nb3 Qxc3+ 11. Bd2 Qb2 12. Bc1 Qc3+ 13. Bd2 Qb2 14. Bc1 Qc3+ 15. Bd2 1/2-1/2

[Event "2BLN 2223 Hamburger SK II - SF Berlin I"]
[Site "?"]
[Date "2022.11.26"]
[Round "3.3"]
[White "Poltorak, Sebastian"]
[Black "Bracker, Frank"]
[Result "0-1"]
[WhiteElo "2346"]
[BlackElo "2371"]
[PlyCount "100"]
[EventDate "2022.??.??"]

1. d4 Nf6 2. c4 e6 3. Nc3 d5 4. cxd5 exd5 5. Bg5 Be7 6. e3 O-O 7. Bd3 Re8 8. Nge2 c6 9. O-O Nbd7 10. Qc2 Nf8 11. f3 g6 12. Rad1 Ne6 13. Bh4 b5 14. h3 Bd7 15. f4 Ng7 16. Bf2 Rc8 17. Qb1 b4 18. Na4 Bf5 19. Ng3 Bxd3 20. Qxd3 h5 21. Rfe1 h4 22. Nf1 Nf5 23. Nd2 Bd6 24. Rc1 Ne4 25. Nxe4 Rxe4 26. Qd1 Rc7 27. Qf3 Qe8 28. Nc5 Bxc5 29. dxc5 Qe6 30. Qg4 Qf6 31. Re2 Rce7 32. Rce1 R7e6 33. Kh2 Qe7 34. Rd2 Kg7 35. Rc1 a5 36. Rd3 Nxe3 37. Qxh4 Qxh4 38. Bxh4 Rxf4 39. Bg5 Rfe4 40. Bd8 a4 41. b3 a3 42. Ba5 f5 43. g3 g5 44. Rg1 Kg6 45. Rd2 Re7 46. Rd3 Rh7 47. Rd2 Rxh3+ 48. Kxh3 Re7 49. g4 f4 50. Re1 Rh7# 0-1

[Event "2BLN 2223 Hamburger SK II - SF Berlin I"]
[Site "?"]
[Date "2022.11.26"]
[Round "3.4"]
[White "Colpe, Malte"]
[Black "Kristoferitsch, Daniel"]
[Result "1-0"]
[WhiteElo "2357"]
[BlackElo "2303"]
[PlyCount "49"]
[EventDate "2022.??.??"]

1. d4 Nf6 2. c4 e6 3. Nf3 d5 4. Nc3 dxc4 5. e4 b5 6. e5 Nd5 7. Nxb5 Nb6 8. Be2 Nc6 9. O-O Bb7 10. Qd2 Be7 11. Qf4 h6 12. Qg3 g5 13. d5 Nxd5 14. Bxc4 a6 15. Bxd5 exd5 16. Nbd4 Qd7 17. Be3 Nxd4 18. Bxd4 Rg8 19. Rac1 Rc8 20. e6 fxe6 21. Ne5 Qb5 22. Qh3 c5 23. Qxe6 Rg7 24. Qxh6 Rg8 25. Qh7 1-0

[Event "2BLN 2223 Hamburger SK II - SF Berlin I"]
[Site "?"]
[Date "2022.11.26"]
[Round "3.5"]
[White "Polzin, Rainer"]
[Black "Balcerak, Philipp"]
[Result "1-0"]
[WhiteElo "2391"]
[BlackElo "2343"]
[PlyCount "59"]
[EventDate "2022.??.??"]

1. e4 c5 2. Nf3 d6 3. d4 cxd4 4. Nxd4 Nf6 5. Nc3 a6 6. Qd3 Nbd7 7. Be2 b5 8. a4 b4 9. Nd5 Bb7 10. Nxf6+ Nxf6 11. Bf3 Qc7 12. O-O Rc8 13. Bd2 e5 14. Nf5 d5 15. exd5 Qxc2 16. Qxc2 Rxc2 17. Bg5 Nd7 18. Rac1 b3 19. Rxc2 bxc2 20. Rc1 g6 21. Ne3 h6 22. Bh4 f5 23. Nxf5 e4 24. Be2 Bxd5 25. Rxc2 Nc5 26. b4 Bb3 27. Rb2 gxf5 28. bxc5 Bxa4 29. Rb7 h5 30. Bc4 1-0

[Event "2BLN 2223 Hamburger SK II - SF Berlin I"]
[Site "?"]
[Date "2022.11.26"]
[Round "3.6"]
[White "Bracker, Arne"]
[Black "Ahlander, Bjorn"]
[Result "0-1"]
[WhiteElo "2288"]
[BlackElo "2401"]
[PlyCount "118"]
[EventDate "2022.??.??"]

1. e4 c5 2. Nf3 d6 3. d4 cxd4 4. Nxd4 Nf6 5. Nc3 a6 6. Be3 Ng4 7. Bc1 Nf6 8. Be3 e5 9. Nb3 Be6 10. f3 h5 11. Nd5 Bxd5 12. exd5 Nbd7 13. Qd2 g6 14. O-O-O Nb6 15. Kb1 Nbxd5 16. Bg5 Be7 17. a3 Rc8 18. Bd3 Kf8 19. Rhf1 Kg7 20. f4 Ng4 21. Bxe7 Qxe7 22. Rfe1 Qc7 23. g3 Rhe8 24. f5 Ngf6 25. fxg6 fxg6 26. c4 Nb6 27. Rf1 Qf7 28. Qg5 e4 29. Be2 Re5 30. Qe3 Nxc4 31. Bxc4 Qxc4 32. Nd4 Rf8 33. Qe1 e3 34. Ne2 Ne4 35. Rxf8 Kxf8 36. Nf4 Nd2+ 37. Ka1 Nb3+ 38. Kb1 Nd2+ 39. Ka1 Kg7 40. h4 Nb3+ 41. Kb1 e2 42. Rxd6 Qc1+ 43. Qxc1 Nxc1 44. Ng2 e1=Q 45. Nxe1 Rxe1 46. Kc2 Rg1 47. Rd7+ Kf8 48. Rxb7 Ne2 49. Rb6 Rxg3 50. Rxa6 Nd4+ 51. Kc1 Rg1+ 52. Kd2 Nf3+ 53. Kc3 Nxh4 54. b4 Nf5 55. b5 Ke7 56. a4 h4 57. Ra7+ Kd6 58. a5 Ne7 59. b6 h3 0-1

[Event "2BLN 2223 Hamburger SK II - SF Berlin I"]
[Site "?"]
[Date "2022.11.26"]
[Round "3.7"]
[White "Lundin, Jan"]
[Black "Woelk, Tom-Frederic"]
[Result "0-1"]
[WhiteElo "2221"]
[BlackElo "2296"]
[PlyCount "98"]
[EventDate "2022.??.??"]

1. d4 Nf6 2. c4 e6 3. Nc3 d5 4. Nf3 Nbd7 5. cxd5 exd5 6. Bf4 c6 7. e3 Be7 8. Bd3 Nh5 9. Bg3 O-O 10. Ne5 g6 11. f4 Nxe5 12. fxe5 Bh4 13. Bxh4 Qxh4+ 14. Kd2 c5 15. Qg1 f6 16. g3 Qg5 17. h4 Qxg3 18. Qxg3 Nxg3 19. Rhg1 Nf5 20. h5 cxd4 21. Nxd5 dxe3+ 22. Ke2 fxe5 23. hxg6 h5 24. Bxf5 Bxf5 25. Ne7+ Kg7 26. Nxf5+ Rxf5 27. Rac1 Kh6 28. Rc7 Rg5 29. Rxg5 Kxg5 30. g7 Rg8 31. Rxb7 Kg4 32. Rxa7 h4 33. Kxe3 Kg3 34. Ke4 h3 35. Ra6 Rxg7 36. Rh6 Rg4+ 37. Kxe5 Rh4 38. Rg6+ Kf2 39. Rf6+ Ke2 40. Rc6 h2 41. Rc1 h1=Q 42. Rxh1 Rxh1 43. Kd4 Rh4+ 44. Kc3 Ke3 45. b4 Ke4 46. Kc4 Ke5+ 47. Kc5 Ke6 48. b5 Kd7 49. Kb6 Ra4 0-1

[Event "2BLN 2223 Hamburger SK II - SF Berlin I"]
[Site "?"]
[Date "2022.11.26"]
[Round "3.8"]
[White "Hommer, Jeremy"]
[Black "Nogly, Christoph"]
[Result "1-0"]
[WhiteElo "2236"]
[BlackElo "2266"]
[PlyCount "105"]
[EventDate "2022.??.??"]

1. e4 e5 2. Nf3 Nc6 3. Bc4 Nf6 4. d3 Bc5 5. Nc3 d6 6. Na4 Qe7 7. c3 O-O 8. O-O Bb6 9. Nxb6 axb6 10. a4 Be6 11. Bxe6 Qxe6 12. Ng5 Qg4 13. f3 Qh5 14. d4 h6 15. Nh3 Nd7 16. dxe5 Qxe5 17. Be3 Nf6 18. Nf4 Rfe8 19. Re1 Rad8 20. Nd5 Nxd5 21. exd5 Ne7 22. Bxh6 Qxd5 23. Qxd5 Nxd5 24. Bd2 Rxe1+ 25. Rxe1 Ra8 26. c4 Nf6 27. Re7 Ne8 28. b3 Rd8 29. Bc3 Kf8 30. Re3 c6 31. Rd3 Ke7 32. Bd4 c5 33. Bf2 f6 34. f4 Nc7 35. f5 d5 36. Bg3 dxc4 37. Rxd8 Kxd8 38. bxc4 Na6 39. Kf2 Kd7 40. Ke2 Nb4 41. Be1 Nc6 42. Bc3 Nd8 43. g4 Nf7 44. Ke3 Nh6 45. h3 Nf7 46. h4 Nd6 47. Kd3 Ke7 48. Bd2 Kd7 49. Bf4 Nc8 50. g5 fxg5 51. hxg5 Ne7 52. Ke4 Nc6 53. Be5 1-0

[Event "2BLN 2223 SK Doppelbauer Turm Kiel II -"]
[Site "?"]
[Date "2022.11.26"]
[Round "3.1"]
[White "Markgraf, Alexander"]
[Black "Teclaf, Pawel"]
[Result "0-1"]
[WhiteElo "2477"]
[BlackElo "2547"]
[PlyCount "92"]
[EventDate "2022.??.??"]

1. e4 c6 2. d4 d5 3. e5 Bf5 4. Nf3 e6 5. Be2 a5 6. O-O a4 7. c3 Nd7 8. Nbd2 Bg6 9. Ne1 Ne7 10. Nd3 c5 11. Nf4 a3 12. bxa3 Nc6 13. Nf3 Be4 14. Be3 Rxa3 15. Qc1 Qa5 16. Qb2 Bxf3 17. Bxf3 cxd4 18. cxd4 Bb4 19. Nh5 g6 20. Nf4 O-O 21. Ne2 Ra8 22. h4 Nb6 23. Qc1 Nc4 24. h5 Nxe3 25. fxe3 Bd2 26. Qb2 Bxe3+ 27. Kh2 Qb4 28. Qxb4 Nxb4 29. Rab1 Nc6 30. Rxb7 Nxd4 31. Bg4 Nf5 32. Bxf5 gxf5 33. Rf3 Bg5 34. Rbb3 Rxa2 35. Nd4 R2a4 36. Rg3 h6 37. Nf3 Rg4 38. Rxg4 fxg4 39. Nxg5 hxg5 40. Rb4 Kg7 41. Kg3 Ra2 42. Rb7 Re2 43. h6+ Kxh6 44. Rxf7 Rxe5 45. Kxg4 Re4+ 46. Kg3 Kg6 0-1

[Event "2BLN 2223 SK Doppelbauer Turm Kiel II -"]
[Site "?"]
[Date "2022.11.26"]
[Round "3.2"]
[White "Parvanyan, Ashot"]
[Black "Meins, Gerlef"]
[Result "0-1"]
[WhiteElo "2438"]
[BlackElo "2414"]
[PlyCount "112"]
[EventDate "2022.??.??"]

1. Nf3 c5 2. e4 Nc6 3. Nc3 d6 4. d4 cxd4 5. Nxd4 Nf6 6. Bc4 e6 7. Be3 Be7 8. Qe2 a6 9. O-O-O Qc7 10. Bb3 O-O 11. g4 Nd7 12. Nf5 Nc5 13. Qd2 exf5 14. Nd5 Qd8 15. exf5 a5 16. Rhe1 Bh4 17. Bc4 Ne5 18. Be2 b5 19. Qd4 Bb7 20. Rg1 Nc6 21. Qf4 h6 22. Bxb5 Nb4 23. Nc3 Bg5 24. Qxd6 Bxe3+ 25. fxe3 Qxd6 26. Rxd6 Ne4 27. Rb6 Rab8 28. Rd1 Nxc3 29. bxc3 Bf3 30. Rdd6 Rxb6 31. Rxb6 Nd5 32. Rd6 Nxc3 33. Bc4 Rc8 34. Rd4 Ne2+ 35. Bxe2 Bxe2 36. Kd2 Bc4 37. a3 f6 38. Rd7 Rc5 39. e4 Bf1 40. h4 Re5 41. Ke3 Rc5 42. Ra7 Bg2 43. g5 hxg5 44. hxg5 fxg5 45. Kd4 Rxc2 46. Rxa5 Re2 47. e5 g4 48. Rc5 Bf3 49. Rc8+ Kh7 50. Rc7 Kh6 51. f6 gxf6 52. exf6 Kg6 53. f7 Kg7 54. Kd3 Re6 55. a4 g3 56. Rc5 Kxf7 0-1

[Event "2BLN 2223 SK Doppelbauer Turm Kiel II -"]
[Site "?"]
[Date "2022.11.26"]
[Round "3.3"]
[White "Colbow, Collin"]
[Black "Olsen, Filip Boe"]
[Result "1/2-1/2"]
[WhiteElo "2381"]
[BlackElo "2419"]
[PlyCount "50"]
[EventDate "2022.??.??"]

1. e4 c5 2. Nf3 d6 3. d4 cxd4 4. Nxd4 Nf6 5. Nc3 a6 6. g3 e5 7. Nde2 Be7 8. Bg2 O-O 9. a4 Nbd7 10. O-O b6 11. Nd5 Nxd5 12. Qxd5 Rb8 13. Nc3 Bb7 14. Qc4 Nc5 15. Rd1 b5 16. axb5 axb5 17. Qe2 b4 18. Nd5 Bxd5 19. Rxd5 Ra8 20. Rxa8 Qxa8 21. Rd1 Qa2 22. Qb5 Qb1 23. Qe2 Qa2 24. Qb5 Qb1 25. Qe2 Qa2 1/2-1/2

[Event "2BLN 2223 SK Doppelbauer Turm Kiel II -"]
[Site "?"]
[Date "2022.11.26"]
[Round "3.4"]
[White "Fromm, Marius"]
[Black "Joachim, Sven"]
[Result "1-0"]
[WhiteElo "2420"]
[BlackElo "2396"]
[PlyCount "107"]
[EventDate "2022.??.??"]

1. e4 e5 2. Nf3 Nc6 3. Bc4 Nf6 4. d3 h6 5. O-O d6 6. c3 g6 7. d4 Qe7 8. Re1 Bg7 9. Nbd2 O-O 10. h3 Bd7 11. Nf1 Rae8 12. Ng3 Kh8 13. Be3 Qd8 14. Qc2 exd4 15. cxd4 Nxe4 16. Nxe4 Bf5 17. Nfd2 d5 18. Bb5 Bxe4 19. Nxe4 Rxe4 20. Bxc6 bxc6 21. Qxc6 Rfe8 22. Rac1 Kg8 23. Red1 R8e7 24. Rc5 Rd7 25. Ra5 Kh7 26. Rxa7 f5 27. Qc3 f4 28. Bc1 Qb8 29. Ra5 Qh8 30. Qf3 c6 31. Rc5 Rd6 32. Ra5 Qe8 33. Ra7 Kg8 34. Bxf4 Rf6 35. Rxg7+ Kxg7 36. Bxh6+ Kf7 37. Qc3 Re2 38. Be3 Qb8 39. Rb1 Re6 40. Kh1 Qb5 41. a3 Qc4 42. Qxc4 dxc4 43. Rc1 Rxb2 44. Rxc4 Ke7 45. Kh2 Ra2 46. Ra4 Rd6 47. Kg3 Rd5 48. Ra6 Rc2 49. a4 Rc4 50. Kf3 Kd6 51. Ke4 Rc3 52. Ra7 Ke6 53. h4 Ra3 54. Rg7 1-0

[Event "2BLN 2223 SK Doppelbauer Turm Kiel II -"]
[Site "?"]
[Date "2022.11.26"]
[Round "3.5"]
[White "Kollen, Zyon"]
[Black "Arndt, Magnus"]
[Result "1/2-1/2"]
[WhiteElo "2343"]
[BlackElo "2375"]
[PlyCount "88"]
[EventDate "2022.??.??"]

1. e4 e5 2. Nf3 Nc6 3. Bb5 a6 4. Ba4 Nf6 5. O-O Be7 6. Re1 b5 7. Bb3 O-O 8. h3 Bb7 9. d3 d5 10. exd5 Nxd5 11. Nxe5 Nxe5 12. Rxe5 Qd6 13. Qe1 Bf6 14. Re4 c5 15. c3 Bd8 16. Re5 Nf6 17. Bf4 Bc7 18. f3 Qb6 19. Rf5 Bxf4 20. Rxf4 c4+ 21. Qf2 Qxf2+ 22. Kxf2 cxb3 23. axb3 Rfd8 24. d4 Rd6 25. Nd2 Re8 26. Re1 Rxe1 27. Kxe1 Kf8 28. Kf2 Bc8 29. h4 h6 30. Ne4 Nxe4+ 31. fxe4 Ke7 32. d5 f5 33. c4 g5 34. hxg5 hxg5 35. Rf3 fxe4 36. Rg3 g4 37. Ke3 Rf6 38. c5 Rf1 39. Kxe4 Re1+ 40. Re3 Rxe3+ 41. Kxe3 a5 42. b4 axb4 43. g3 Kd8 44. Ke4 b3 1/2-1/2

[Event "2BLN 2223 SK Doppelbauer Turm Kiel II -"]
[Site "?"]
[Date "2022.11.26"]
[Round "3.6"]
[White "Kopylov, Daniel"]
[Black "Breutigam, Martin"]
[Result "1/2-1/2"]
[WhiteElo "2305"]
[BlackElo "2358"]
[PlyCount "164"]
[EventDate "2022.??.??"]

1. e4 e5 2. Nf3 Nc6 3. Bb5 Nge7 4. c3 d6 5. d4 Bd7 6. O-O Ng6 7. d5 Nb8 8. Bxd7+ Nxd7 9. c4 Be7 10. Nc3 h6 11. b4 a5 12. bxa5 Rxa5 13. a4 O-O 14. Qc2 Nc5 15. Ba3 Qd7 16. Bb4 Ra6 17. Bxc5 dxc5 18. Ra3 h5 19. Rb1 b6 20. Nd1 Rfa8 21. Rba1 Bf6 22. Ne3 Ne7 23. h3 g6 24. Nd1 Nc8 25. Nc3 Nd6 26. Nb5 Kg7 27. Nxd6 cxd6 28. Nd2 Bg5 29. Nb1 h4 30. Nc3 Rf8 31. Qb1 Bd2 32. Qb5 Qa7 33. Qb2 Bxc3 34. Qxc3 Ra8 35. Qb3 Qd7 36. Qc2 Ra5 37. Qb3 R8a6 38. Qc2 Qe8 39. f3 Qd7 40. Kh2 Qe7 41. Qd2 Qf6 42. Kg1 Qf4 43. Qxf4 exf4 44. Kf2 Kf6 45. Ke2 Ke7 46. Kd3 f6 47. R3a2 Kd7 48. Kc3 Kc7 49. Kb3 Ra8 50. Re2 b5 51. cxb5 Rxb5+ 52. Kc3 Kb6 53. Rb2 Rxb2 54. Kxb2 Ka5 55. Kc3 Rb8 56. Ra2 Rb4 57. Rd2 g5 58. Re2 Rxa4 59. Rb2 Rb4 60. Ra2+ Ra4 61. Rb2 Ra1 62. Rb8 Rg1 63. Rd8 Rxg2 64. Rxd6 Rg3 65. Rxf6 Kb5 66. e5 Rxf3+ 67. Kc2 Kc4 68. d6 Rf2+ 69. Kd1 Kd3 70. Kc1 Kc3 71. Kb1 Rf1+ 72. Ka2 Rd1 73. Rf5 Rd4 74. Rxg5 Kd3 75. Rg6 f3 76. Rf6 Ke2 77. e6 Rd2+ 78. Kb1 Rxd6 79. e7 Rd1+ 80. Ka2 Rd2+ 81. Kb1 Rd1+ 82. Ka2 Rd2+ 1/2-1/2

[Event "2BLN 2223 SK Doppelbauer Turm Kiel II -"]
[Site "?"]
[Date "2022.11.26"]
[Round "3.7"]
[White "Richter, Christian"]
[Black "Farokhi, Keyvan"]
[Result "1-0"]
[WhiteElo "2354"]
[BlackElo "2208"]
[PlyCount "53"]
[EventDate "2022.??.??"]

1. d4 Nf6 2. Nf3 e6 3. c4 a6 4. g3 b5 5. Bg2 Bb7 6. Nbd2 c5 7. dxc5 Bxc5 8. O-O bxc4 9. Nxc4 d5 10. b4 O-O 11. bxc5 dxc4 12. Qa4 Nbd7 13. Qxc4 Rc8 14. Ba3 Qa5 15. Qb4 Qxb4 16. Bxb4 Nxc5 17. Rfc1 Bxf3 18. Bxc5 Bxe2 19. Bxf8 Rxf8 20. Bf1 Bxf1 21. Kxf1 g5 22. Rc6 Rb8 23. Rac1 Ng4 24. Rc8+ Rxc8 25. Rxc8+ Kg7 26. h3 Ne5 27. Ra8 1-0

[Event "2BLN 2223 SK Doppelbauer Turm Kiel II -"]
[Site "?"]
[Date "2022.11.26"]
[Round "3.8"]
[White "Beeck, Mats"]
[Black "Ewert, Hannes"]
[Result "1/2-1/2"]
[WhiteElo "2175"]
[BlackElo "2293"]
[PlyCount "66"]
[EventDate "2022.??.??"]

1. d4 Nf6 2. c4 e6 3. Nf3 b6 4. g3 Bb4+ 5. Bd2 Be7 6. Nc3 c6 7. e4 d5 8. Qc2 Bb7 9. e5 Nfd7 10. cxd5 cxd5 11. Bd3 h6 12. a3 Nc6 13. O-O Rc8 14. Qd1 a6 15. Ne2 b5 16. Ne1 Qb6 17. Be3 a5 18. f4 g6 19. b3 Ba6 20. Qd2 b4 21. Bxa6 Qxa6 22. a4 Bd8 23. Rc1 Bb6 24. Rc2 Ne7 25. Rxc8+ Nxc8 26. Nd3 Ne7 27. Rc1 h5 28. h3 O-O 29. g4 hxg4 30. hxg4 Rc8 31. Rxc8+ Qxc8 32. Qc1 Qd8 33. Bf2 Qa8 1/2-1/2

[Event "2BLN 2223 SK Norderstedt - HSK Lister T"]
[Site "?"]
[Date "2022.11.26"]
[Round "3.1"]
[White "Schneider, Ilja"]
[Black "Olszewski, Michal"]
[Result "1-0"]
[WhiteElo "2481"]
[BlackElo "2522"]
[PlyCount "47"]
[EventDate "2022.??.??"]

1. e4 e5 2. Nf3 Nc6 3. Bc4 Nf6 4. d3 h6 5. O-O d6 6. c3 g5 7. Nbd2 g4 8. Nh4 Nxe4 9. Nxe4 Qxh4 10. f4 f5 11. Ng3 Qf6 12. fxe5 Nxe5 13. Bd5 c6 14. Be4 Rg8 15. d4 Nf3+ 16. Bxf3 gxf3 17. Qxf3 Qg6 18. d5 c5 19. Bd2 Bd7 20. Rae1+ Kd8 21. Nh5 Be7 22. Nf4 Qg7 23. Ne6+ Bxe6 24. Rxe6 1-0

[Event "2BLN 2223 SK Norderstedt - HSK Lister T"]
[Site "?"]
[Date "2022.11.26"]
[Round "3.2"]
[White "Ostrovskiy, Andrey"]
[Black "Abel, Dennes"]
[Result "1/2-1/2"]
[WhiteElo "2416"]
[BlackElo "2392"]
[PlyCount "54"]
[EventDate "2022.??.??"]

1. e4 c6 2. d4 d5 3. exd5 cxd5 4. Bd3 Nc6 5. c3 Qc7 6. Ne2 Bg4 7. O-O e6 8. Qe1 g6 9. Bf4 Bd6 10. Bxd6 Qxd6 11. Nd2 Nf6 12. f3 Bf5 13. Bxf5 gxf5 14. Qh4 Qe7 15. Ng3 O-O 16. Rae1 Qd8 17. Nb3 Kh8 18. Nc5 Ng8 19. Qf4 Qb8 20. Qg5 Qd8 21. Qf4 Qb8 22. Qd2 Qc7 23. Nh5 Nce7 24. Nd3 Ng6 25. Kh1 Rae8 26. Re2 Qd8 27. g3 Nf6 1/2-1/2

[Event "2BLN 2223 SK Norderstedt - HSK Lister T"]
[Site "?"]
[Date "2022.11.26"]
[Round "3.3"]
[White "Pfreundt, Jakob"]
[Black "Licznerski, Lukasz"]
[Result "1/2-1/2"]
[WhiteElo "2406"]
[BlackElo "2442"]
[PlyCount "117"]
[EventDate "2022.??.??"]

1. e4 c6 2. d4 d5 3. exd5 cxd5 4. Bd3 Nc6 5. c3 Nf6 6. Bf4 Bg4 7. Qb3 Qd7 8. Nd2 e6 9. Ngf3 Bd6 10. Bxd6 Qxd6 11. O-O O-O 12. Rfe1 Bxf3 13. Nxf3 Rab8 14. a4 Qc7 15. Qc2 Rfc8 16. Qe2 a6 17. g3 g6 18. h4 Kg7 19. Ne5 h5 20. a5 Nxe5 21. dxe5 Nd7 22. Ra3 Ra8 23. Qe3 Nb8 24. Qf4 Qe7 25. c4 dxc4 26. Rc1 Nd7 27. Rxc4 Rxc4 28. Bxc4 Qc5 29. Bf1 Nxe5 30. b4 Qd5 31. Re3 Nc6 32. Rd3 Qe5 33. Qd2 Rc8 34. Bg2 Qa1+ 35. Qd1 Qb2 36. Qb3 Qxb3 37. Rxb3 Rc7 38. Rc3 Rd7 39. Bxc6 Rc7 40. Rd3 bxc6 41. Kf1 Kf6 42. Rd8 Ke5 43. Ra8 Rb7 44. Rxa6 Kd6 45. Ke2 Rxb4 46. Ra7 f5 47. Rg7 Ra4 48. Rxg6 Rxa5 49. Rg5 Re5+ 50. Kf3 c5 51. Rxh5 c4 52. Rh8 Rc5 53. Rd8+ Ke5 54. Ke3 c3 55. Rd1 c2 56. Rc1 Rc3+ 57. Kd2 Rf3 58. Ke2 Rc3 59. Kd2 1/2-1/2

[Event "2BLN 2223 SK Norderstedt - HSK Lister T"]
[Site "?"]
[Date "2022.11.26"]
[Round "3.4"]
[White "Kopylov, Michael"]
[Black "Walter, Stefan"]
[Result "1/2-1/2"]
[WhiteElo "2374"]
[BlackElo "2387"]
[PlyCount "41"]
[EventDate "2022.??.??"]

1. d4 d5 2. c4 e6 3. Nf3 Nf6 4. g3 Be7 5. Bg2 O-O 6. O-O dxc4 7. Qa4 a6 8. Qxc4 b5 9. Qc2 Bb7 10. Bg5 Nbd7 11. Bxf6 Nxf6 12. Nbd2 Rc8 13. Nb3 c5 14. dxc5 Be4 15. Qc3 Bd5 16. Rac1 Bxb3 17. Qxb3 Bxc5 18. e3 Qb6 19. Rfd1 Rc7 20. Ne5 Rfc8 21. Qd3 1/2-1/2

[Event "2BLN 2223 SK Norderstedt - HSK Lister T"]
[Site "?"]
[Date "2022.11.26"]
[Round "3.5"]
[White "Hoeffer, David"]
[Black "Zierke, Oliver"]
[Result "1/2-1/2"]
[WhiteElo "2337"]
[BlackElo "2264"]
[PlyCount "61"]
[EventDate "2022.??.??"]

1. d4 d5 2. Nc3 Nf6 3. Bf4 Bf5 4. e3 e6 5. Bd3 Bg6 6. h4 a6 7. h5 Bxd3 8. Qxd3 h6 9. Nf3 Bd6 10. Ne5 Nbd7 11. f3 Qe7 12. O-O-O O-O-O 13. Na4 Kb8 14. Nc6+ bxc6 15. Qxa6 c5 16. Qb5+ Kc8 17. Qa6+ Kb8 18. Qb5+ Kc8 19. Bxd6 cxd6 20. Rd3 Kc7 21. Qa5+ Kc6 22. Qa6+ Kc7 23. Qa7+ Kc6 24. Qa6+ Kc7 25. Qa7+ Kc6 26. Rb3 Rb8 27. Qa6+ Kc7 28. Qa7+ Kc6 29. Qa6+ Kc7 30. Qa7+ Kc6 31. Qa6+ 1/2-1/2

[Event "2BLN 2223 SK Norderstedt - HSK Lister T"]
[Site "?"]
[Date "2022.11.26"]
[Round "3.6"]
[White "Michna, Christian"]
[Black "Hampel, Felix"]
[Result "0-1"]
[WhiteElo "2192"]
[BlackElo "2327"]
[PlyCount "104"]
[EventDate "2022.??.??"]

1. d4 Nf6 2. Nc3 d5 3. Bf4 g6 4. Qd2 Bg7 5. Bh6 O-O 6. h3 c5 7. Bxg7 Kxg7 8. e3 Nc6 9. Bb5 e5 10. Bxc6 exd4 11. exd4 cxd4 12. Qxd4 bxc6 13. O-O-O Qb6 14. Qxb6 axb6 15. Nf3 Rd8 16. a3 c5 17. Rhe1 Kf8 18. Ne5 Bb7 19. Ng4 Nh5 20. f3 d4 21. Ne2 Re8 22. Nf2 Ba6 23. Nd3 Bxd3 24. cxd3 Re3 25. g4 Nf6 26. Ng1 Nd5 27. Rxe3 Nxe3 28. Re1 Ke7 29. Ne2 Kd7 30. Ng3 Kd6 31. Kd2 f5 32. gxf5 gxf5 33. Rg1 Re8 34. Nh5 Re6 35. h4 Rh6 36. Rg5 b5 37. b3 Kd5 38. Kc1 c4 39. bxc4+ bxc4 40. dxc4+ Kxc4 41. Kd2 Rb6 42. Rg8 Rb2+ 43. Kc1 Rc2+ 44. Kb1 d3 45. Rc8+ Kb3 46. Rb8+ Ka4 47. Ra8+ Kb5 48. a4+ Kb6 49. Nf4 d2 50. Nd5+ Kb7 51. Nxe3 Rc1+ 52. Kb2 Kxa8 0-1

[Event "2BLN 2223 SK Norderstedt - HSK Lister T"]
[Site "?"]
[Date "2022.11.26"]
[Round "3.7"]
[White "Schulze, Torben"]
[Black "Joecks, Christian"]
[Result "1-0"]
[WhiteElo "2280"]
[BlackElo "2366"]
[PlyCount "137"]
[EventDate "2022.??.??"]

1. e4 Nf6 2. e5 Nd5 3. c4 Nb6 4. d4 d6 5. f4 g6 6. Nc3 Bg7 7. Be3 O-O 8. c5 N6d7 9. Nf3 b6 10. cxd6 exd6 11. Bc4 Bb7 12. Qe2 Nc6 13. e6 fxe6 14. Bxe6+ Kh8 15. d5 Ne7 16. O-O-O Nc5 17. Ng5 Ba6 18. Qc2 Nf5 19. Bxf5 Rxf5 20. g4 Rf8 21. b4 Qf6 22. bxc5 Qxc3 23. Qxc3 Bxc3 24. Ne6 Rf7 25. Kc2 Bg7 26. cxd6 cxd6 27. Bd4 Rc8+ 28. Kb2 Bxd4+ 29. Rxd4 Be2 30. h3 b5 31. Re1 Bc4 32. Ng5 Rfc7 33. Re6 a5 34. Rd2 Bxd5 35. Rxd6 Bc4 36. Rd7 a4 37. a3 Bb3 38. Nxh7 Rxd7 39. Rxd7 Rc2+ 40. Kb1 Kg8 41. Nf6+ Kf8 42. Nh7+ Kg8 43. Nf6+ Kf8 44. Rb7 Rf2 45. Nd7+ Kg8 46. Nf6+ Kf8 47. Nd7+ Kg8 48. Rxb5 Rxf4 49. Nc5 Bd1 50. Kc1 Rf1 51. Kd2 Rh1 52. Rb1 Rxh3 53. Kxd1 Rxa3 54. Rb6 Kf7 55. g5 Rf3 56. Rb7+ Ke8 57. Ra7 a3 58. Ke2 Rh3 59. Ne4 Kf8 60. Nd2 Rc3 61. Nf3 Rb3 62. Kf2 Rb2+ 63. Kg3 a2 64. Kf4 Rf2 65. Ke3 Rg2 66. Ke4 Rc2 67. Ke3 Rg2 68. Kd3 Rf2 69. Nd2 1-0

[Event "2BLN 2223 SK Norderstedt - HSK Lister T"]
[Site "?"]
[Date "2022.11.26"]
[Round "3.8"]
[White "Parvanyan, Alfred"]
[Black "Pubantz, Jan"]
[Result "1/2-1/2"]
[WhiteElo "2155"]
[BlackElo "2274"]
[PlyCount "153"]
[EventDate "2022.??.??"]

1. Nf3 d5 2. g3 c6 3. Bg2 Bg4 4. d4 Nf6 5. O-O e6 6. Nbd2 Bd6 7. Re1 Nbd7 8. e4 dxe4 9. Nxe4 Nxe4 10. Rxe4 Nf6 11. Re1 h6 12. c3 O-O 13. Qb3 Rb8 14. Ne5 Bf5 15. h3 Bc7 16. g4 Bh7 17. Be3 Be4 18. f3 Bh7 19. c4 Qd6 20. Rad1 Ba5 21. Rf1 Qb4 22. Qxb4 Bxb4 23. h4 Rfd8 24. g5 hxg5 25. hxg5 Nd7 26. g6 Bxg6 27. Nxg6 fxg6 28. Bf4 Rbc8 29. Bh3 Kf7 30. a3 Ba5 31. d5 cxd5 32. cxd5 exd5 33. Be3 Bb6 34. Bxb6 axb6 35. Rxd5 Nc5 36. Rfd1 Rxd5 37. Rxd5 Rc6 38. b4 Ne6 39. Rd7+ Kf6 40. Bxe6 Rxe6 41. Rxb7 g5 42. Kf2 g6 43. a4 Ke5 44. Kg3 Rd6 45. Re7+ Kf5 46. Rf7+ Ke6 47. Rc7 Kf5 48. Rb7 Ke5 49. b5 Kf5 50. Rf7+ Ke6 51. Rc7 Rd4 52. Rc6+ Kf5 53. Rxb6 Rxa4 54. Rb8 Rb4 55. b6 Kf6 56. Kf2 Rb3 57. Ke2 Kg7 58. b7 Kh7 59. Kd2 Kg7 60. Kc2 Rb6 61. Kd3 Rb1 62. Kc4 Rc1+ 63. Kd5 Rd1+ 64. Ke4 Re1+ 65. Kd3 Rb1 66. Ke3 Rb3+ 67. Kd2 Rb1 68. Ke2 Rb2+ 69. Ke3 Kh7 70. Kd3 Kg7 71. Kc3 Rb1 72. Kd2 Rb2+ 73. Kc1 Rb6 74. Kd1 Rb2 75. Ke1 Kh7 76. Kd1 Kg7 77. Kc1 1/2-1/2